Digital media and reporting conflict : (Record no. 16016)

000 -LEADER
fixed length control field 02116nam a2200313 a 4500
001 - CONTROL NUMBER
control field ASIN0415819210
005 - DATE AND TIME OF LATEST TRANSACTION
control field 20170105102930.0
008 - FIXED-LENGTH DATA ELEMENTS--GENERAL INFORMATION
fixed length control field 140115s2013 xxu eng d
020 ## - INTERNATIONAL STANDARD BOOK NUMBER
International Standard Book Number 0415819210 (hardcover)
Terms of availability $125.00
020 ## - INTERNATIONAL STANDARD BOOK NUMBER
International Standard Book Number 9780415819213 (hardcover)
040 ## - CATALOGING SOURCE
Original cataloging agency 0
050 04 - LIBRARY OF CONGRESS CALL NUMBER
Classification number PN4784.W37
082 04 - DEWEY DECIMAL CLASSIFICATION NUMBER
Classification number 070.43330941
Author Mark BEN 2013
100 1# - MAIN ENTRY--PERSONAL NAME
Personal name Bennett, Daniel.
245 10 - TITLE STATEMENT
Title Digital media and reporting conflict :
Remainder of title blogging and the bbc's coverage of war and terrorism /
Statement of responsibility, etc. Daniel Bennett.
260 ## - PUBLICATION, DISTRIBUTION, ETC.
Place of publication, distribution, etc. [S.l.] :
Name of publisher, distributor, etc. Routledge,
Date of publication, distribution, etc. 2013.
300 ## - PHYSICAL DESCRIPTION
Extent 292 p. ;
Dimensions 24 cm.
490 1# - SERIES STATEMENT
Series statement Routledge research in journalism.
520 ## - SUMMARY, ETC.
Summary, etc. This book explores the impact of new forms of online reporting on the BBC’s coverage of war and terrorism. Informed by the views of over 100 BBC staff at all levels of the corporation, Bennett captures journalists’ shifting attitudes towards blogs and internet sources used to cover wars and other conflicts. He argues that the BBC’s practices and values are fundamentally evolving in response to the challenges of immediate digital publication. Ongoing challenges for journalism in the online media environment are identified: maintaining impartiality in the face of calls for more open personal journalism; ensuring accuracy when the power of the "former audience" allows news to break at speed; and overcoming the limits of the scale of the BBC’s news operation in order to meet the demands to present news as conversation. While the focus of the book is on the BBC’s coverage of war and terrorism, the conclusions are more widely relevant to the evolving practice of journalism at traditional media organizations as they grapple with a revolution in publication.
650 #0 - SUBJECT ADDED ENTRY--TOPICAL TERM
Topical term or geographic name entry element British Broadcasting Corporation
650 #0 - SUBJECT ADDED ENTRY--TOPICAL TERM
Topical term or geographic name entry element Great Britain
650 #0 - SUBJECT ADDED ENTRY--TOPICAL TERM
Topical term or geographic name entry element Journalism--Objectivity
650 #0 - SUBJECT ADDED ENTRY--TOPICAL TERM
Topical term or geographic name entry element Online journalism
650 #0 - SUBJECT ADDED ENTRY--TOPICAL TERM
Topical term or geographic name entry element Terrorism--Press coverage
650 #0 - SUBJECT ADDED ENTRY--TOPICAL TERM
Topical term or geographic name entry element War--Press coverage
830 #0 - SERIES ADDED ENTRY--UNIFORM TITLE
Uniform title Routledge research in journalism.
856 40 - ELECTRONIC LOCATION AND ACCESS
Materials specified Amazon.com
Uniform Resource Identifier <a href="http://www.amazon.com/exec/obidos/ASIN/0415819210/chopaconline-20">http://www.amazon.com/exec/obidos/ASIN/0415819210/chopaconline-20</a>
942 ## - ADDED ENTRY ELEMENTS (KOHA)
Source of classification or shelving scheme
Koha item type Book
Holdings
Withdrawn status Lost status Damaged status Not for loan Collection code Permanent Location Current Location Shelving location Date acquired Total Checkouts Full call number Barcode Date last seen Price effective from Koha item type
          Centre for International Peace & Stability (CIPS) Centre for International Peace & Stability (CIPS) General Stacks 11/21/2013   070.43330941 BEN 2013 CIPS0002502 01/15/2014 01/15/2014 Book
© 2023 Central Library, National University of Sciences and Technology. All Rights Reserved.